[Event "30.Alpenpokal Obersdorf op"]
[Site "Tiefenbach (08.01.-18.01)"]
[Date "2004.??.??"]
[Round "8.11"]
[White "Wempe, Juergen"]
[Black "Seidel, Juergen"]
[Result "0-1"]
[WhiteElo "2113"]
[BlackElo "1898"]
[PlyCount "77"]
[EventDate "2004.01.??"]
[Source "ChessOrg"]
[SourceDate "2005.04.24"]

1. e4 d6 2. d4 Nf6 3. Bd3 c6 4. f4 e5 5. c3 Nbd7 6. Qf3 Qc7 7. Ne2 b6 8. O-O
Bb7 9. Bd2 O-O-O 10. a4 Re8 11. a5 Kb8 12. axb6 axb6 13. Na3 Be7 14. b4 h6 15.
b5 c5 16. fxe5 dxe5 17. Nc4 Bd6 18. d5 Ref8 19. Ng3 g6 20. Ra4 Ne8 21. Rfa1 Be7
22. Nf1 Rh7 23. Nfe3 Bg5 24. d6 (24. Qh3 $5 Bxe3+ 25. Nxe3 Nd6 26. Ra7 Kc8)
24... Bxe3+ 25. Bxe3 Nxd6 26. Nxd6 Qxd6 27. Bc4 f5 28. Ra7 fxe4 29. Rxb7+ Kxb7
30. Qxe4+ Kc8 31. Qc6+ Qxc6 32. bxc6 Nb8 33. Ra8 Re7 34. Bxh6 Rf5 35. g4 Rf3
36. Ba6+ Kc7 37. Ra7+ Kd6 38. Rxe7 Nxc6 (38... Nxa6 $3 39. Rg7 Kxc6 40. Rxg6+
Kb5 {und Schwarz spielt noch mit.}) 39. Rg7 0-1

[Event "30.Alpenpokal Obersdorf op"]
[Site "Tiefenbach (08.01.-18.01)"]
[Date "2004.??.??"]
[Round "8.12"]
[White "Wahl, Frithjof,Dr."]
[Black "Koops, Randolf"]
[Result "0-1"]
[WhiteElo "2009"]
[BlackElo "2050"]
[PlyCount "34"]
[EventDate "2004.01.??"]
[Source "ChessOrg"]
[SourceDate "2005.04.24"]

1. e4 Nc6 2. d4 e5 3. dxe5 Nxe5 4. Nf3 Qf6 5. Nxe5 Qxe5 6. Bd3 Bc5 7. Qe2 d6 8.
Nc3 c6 9. h3 Nf6 10. O-O Bxh3 11. gxh3 Qg3+ 12. Kh1 Qxh3+ 13. Kg1 Ng4 14. Bf4
g5 15. e5 gxf4 16. exd6+ Ne3 17. fxe3 Rg8+ 0-1

[Event "30.Alpenpokal Obersdorf op"]
[Site "Tiefenbach (08.01.-18.01)"]
[Date "2004.??.??"]
[Round "8.13"]
[White "Sakowski, Christian"]
[Black "Gerhards, Walter"]
[Result "0-1"]
[WhiteElo "1776"]
[BlackElo "1814"]
[PlyCount "100"]
[EventDate "2004.01.??"]
[Source "ChessOrg"]
[SourceDate "2005.04.24"]

1. d4 Nf6 2. Nf3 e6 3. Bf4 c5 4. c3 b6 5. e3 Bb7 6. Nbd2 Be7 7. Bd3 d5 8. Bxb8
Qxb8 9. Bb5+ Kf8 10. Bd3 h5 11. Ne5 Qc7 12. Ndf3 Bd6 13. h3 Rh6 14. Qe2 Ne4 15.
Ba6 Bxa6 16. Qxa6 c4 17. Nd2 Nxd2 18. Kxd2 Bxe5 19. dxe5 Qxe5 20. Qb7 Qb8 21.
Qxb8+ Rxb8 22. Ke2 b5 23. Rad1 Ke7 24. h4 f5 25. Rd4 a5 26. b3 Rhh8 27. Rb1
cxb3 28. axb3 Rhc8 29. Kd2 Rc7 30. b4 a4 31. Ra1 Rbc8 32. Ra3 Rc4 33. f4 Kd6
34. g3 Re8 35. Ke2 e5 36. fxe5+ Rxe5 37. Kf3 Re4 38. Rd2 Rg4 39. Rd3 g5 40.
hxg5 Rxg5 41. Rd2 Rcg4 42. Rg2 Ke5 43. Ra1 Rc4 44. Ra3 h4 45. gxh4 Rxg2 46.
Kxg2 Rxh4 47. Kg3 Rh1 48. Kf3 Rc1 49. Ke2 Ke4 50. Kd2 Rh1 0-1

[Event "30.Alpenpokal Obersdorf op"]
[Site "Tiefenbach (08.01.-18.01)"]
[Date "2004.??.??"]
[Round "8.15"]
[White "Drewitz, Friedel"]
[Black "Aigner, Georg"]
[Result "0-1"]
[WhiteElo "1749"]
[BlackElo "1816"]
[PlyCount "58"]
[EventDate "2004.01.??"]
[Source "ChessOrg"]
[SourceDate "2005.04.24"]

1. e4 e5 2. Nf3 Nc6 3. d4 exd4 4. Bc4 h6 5. Nxd4 Bc5 6. Be3 Ne5 7. Bb3 d6 8. c3
Bg4 9. f3 Bd7 10. Qe2 Ne7 11. Nd2 N7g6 12. O-O-O a5 13. a3 O-O 14. Nf5 Bxe3 15.
Nxe3 Nf4 16. Qf1 b5 17. Nc2 c5 18. Kb1 Qb6 19. g3 Ne6 20. f4 c4 21. fxe5 cxb3
22. Nxb3 b4 23. Rxd6 Qb7 24. cxb4 Ba4 25. Nxa5 Qxe4 26. b3 Rfc8 27. Rd2 Rxa5
28. bxa5 Bxb3 29. Qc1 Bxc2+ 0-1

[Event "30.Alpenpokal Obersdorf op"]
[Site "Tiefenbach (08.01.-18.01)"]
[Date "2004.??.??"]
[Round "8.16"]
[White "Fischer, Paul[37Hiltrup]"]
[Black "Fehres, Werner"]
[Result "0-1"]
[WhiteElo "1740"]
[BlackElo "1791"]
[PlyCount "102"]
[EventDate "2004.01.??"]
[Source "ChessOrg"]
[SourceDate "2005.04.24"]

1. Nc3 d5 2. e4 d4 3. Nce2 c5 4. Ng3 Nc6 5. Bc4 e6 6. Nf3 Qc7 7. d3 Bd7 8. O-O
h5 9. h4 g6 10. Ng5 Nd8 11. a3 b5 12. Ba2 a5 13. f4 Bg7 14. e5 Ne7 15. N5e4 Kf8
16. Qe2 Kg8 17. Bd2 Nb7 18. Nd6 Ra6 19. Nge4 Nd8 20. Qf2 Nf5 21. Nxf5 exf5 22.
Ng5 Be6 23. Bxe6 Nxe6 24. Nxe6 Rxe6 25. b4 cxb4 26. axb4 a4 27. Bc1 Kh7 28.
Qxd4 Rc8 29. c4 bxc4 30. dxc4 Qxc4 31. Qxc4 Rxc4 32. Rxa4 Bf8 33. Bd2 Bc5+ 34.
Kh2 Be7 35. Kh3 Rd4 36. Rf2 Rb6 37. Ra7 Re6 38. Rb7 Kg7 39. b5 Rd3+ 40. Kh2
Bxh4 41. Re2 Bg3+ 42. Kg1 Rb3 43. Bc1 Rb1 44. Rc2 Bxf4 45. Kf2 Bxe5 46. Kf3
Rb3+ 47. Ke2 Bg3+ 48. Kd2 Bf4+ 49. Kd1 Rd3+ 50. Bd2 Red6 51. b6 Rxd2+ 0-1

[Event "30.Alpenpokal Obersdorf op"]
[Site "Tiefenbach (08.01.-18.01)"]
[Date "2004.??.??"]
[Round "8.18"]
[White "Josting, Friedel"]
[Black "Heissenbuettel, Hans-Erich"]
[Result "1/2-1/2"]
[WhiteElo "1845"]
[BlackElo "1900"]
[PlyCount "21"]
[EventDate "2004.01.??"]
[Source "ChessOrg"]
[SourceDate "2005.04.24"]

1. d4 Nf6 2. Bf4 d5 3. Nd2 e6 4. e3 c5 5. c3 Nc6 6. Ngf3 Nh5 7. Bg5 Qb6 8. Rb1
Bd7 9. Bd3 Nf6 10. O-O h6 11. Bh4 1/2-1/2

[Event "30.Alpenpokal Obersdorf op"]
[Site "Tiefenbach (08.01.-18.01)"]
[Date "2004.??.??"]
[Round "8.20"]
[White "Schulz, Toni,Prof.Dr[48]"]
[Black "Pruess, Martin"]
[Result "1/2-1/2"]
[WhiteElo "1854"]
[BlackElo "1827"]
[PlyCount "110"]
[EventDate "2004.01.??"]
[Source "ChessOrg"]
[SourceDate "2005.04.24"]

1. e4 d6 2. d4 e5 3. Nf3 Nd7 4. Bc4 Be7 5. O-O Ngf6 6. Re1 O-O 7. c3 c6 8. Bb3
Qb6 9. Nbd2 Qc7 10. Nf1 Re8 11. Ng3 Nf8 12. Nf5 Bd8 13. dxe5 dxe5 14. Ng5 Be6
15. Nxe6 Nxe6 16. Qf3 Nf4 17. g3 Ng6 18. Be3 Be7 19. h4 h5 20. Bg5 Bf8 21. Bxf6
gxf6 22. Qxh5 Nh8 23. Rad1 Rad8 24. Kg2 c5 25. Qe2 a6 26. Bd5 b5 27. c4 b4 28.
Rd3 Rd7 29. Red1 Red8 30. h5 a5 31. Rh1 Kh7 32. Qf3 Qb6 33. Ne3 Bh6 34. Qf5+
Kg7 35. Ng4 Rd6 36. Nxh6 Kxh6 37. g4 Rg8 38. Rg3 Rg5 39. Qf3 Rd8 40. Qe3 a4 41.
Rf1 Rdg8 42. Kh3 Qc7 43. f4 exf4 44. Qxf4 Qxf4 45. Rxf4 Kg7 46. Rf5 Rd8 47. e5
Re8 48. exf6+ Kh6 49. Rg2 Rxf5 50. gxf5 Kxh5 51. Bf3+ Kh6 52. Kg3 Kg5 53. Bc6
Rd8 54. Bxa4 Kxf5 55. Bc2+ Kxf6 1/2-1/2

[Event "30.Alpenpokal Obersdorf op"]
[Site "Tiefenbach (08.01.-18.01)"]
[Date "2004.??.??"]
[Round "8.21"]
[White "Witte, Ronald"]
[Black "Meyer, Thomas[52Tübing]"]
[Result "1-0"]
[WhiteElo "1963"]
[BlackElo "1598"]
[PlyCount "49"]
[EventDate "2004.01.??"]
[Source "ChessOrg"]
[SourceDate "2005.04.24"]

1. d4 Nf6 2. c4 g6 3. Nc3 d5 4. cxd5 Nxd5 5. e4 Nxc3 6. bxc3 Bg7 7. Bc4 c5 8.
Ne2 Nc6 9. Be3 cxd4 10. cxd4 O-O 11. O-O Na5 12. Rc1 Nxc4 13. Rxc4 b6 14. Qa4
Qd7 15. Qa3 Bb7 16. f3 e6 17. Rfc1 Rfc8 18. Rxc8+ Bxc8 19. Bf4 Bxd4+ 20. Nxd4
Qxd4+ 21. Be3 Qd8 22. Qc3 Bb7 23. Qe5 Kf8 24. Qh8+ Ke7 25. Bg5+ 1-0

[Event "30.Alpenpokal Obersdorf op"]
[Site "Tiefenbach (08.01.-18.01)"]
[Date "2004.??.??"]
[Round "8.22"]
[White "Klempt, Guenter"]
[Black "Herzog, Manfred[60Sulzf]"]
[Result "1/2-1/2"]
[WhiteElo "1894"]
[BlackElo "1725"]
[PlyCount "83"]
[EventDate "2004.01.??"]
[Source "ChessOrg"]
[SourceDate "2005.04.24"]

1. d4 g6 2. c4 Bg7 3. Nc3 Nf6 4. e4 d6 5. f3 O-O 6. Be3 Nbd7 7. Qd2 c5 8. d5
Qa5 9. Bd3 b5 10. cxb5 a6 11. bxa6 Bxa6 12. Bxa6 Rxa6 13. Nge2 Rb8 14. O-O Ne5
15. b3 Qa3 16. Qc1 Nd3 17. Qd1 c4 18. bxc4 Nb2 19. Qc2 Nxc4 20. Bd4 Rb2 21. Qc1
Rd2 22. Qxa3 Rxa3 23. Rfd1 Rxd4 24. Rxd4 Ne3 25. Rd3 Nc2 26. Rb1 Nd7 27. Rd2
Ne3 28. Rb3 Ra8 29. Rb7 Nc5 30. Rxe7 Nc4 31. Rd1 Bf6 32. Rc7 Bd8 33. Rc6 Bb6
34. Kh1 Ra3 35. Rc1 Nd3 36. Rxb6 Nxc1 37. Rb8+ Kg7 38. Nxc1 Rxc3 39. Rb1 $4 (
39. Nb3 $1 Rc2 40. Rc8) 39... Na3 40. Ra1 Nc2 41. Rb1 Na3 42. Ra1 1/2-1/2

[Event "30.Alpenpokal Obersdorf op"]
[Site "Tiefenbach (08.01.-18.01)"]
[Date "2004.??.??"]
[Round "8.24"]
[White "Besler, Ralf"]
[Black "Winter, Rudolf[29GGerau]"]
[Result "1-0"]
[WhiteElo "1808"]
[BlackElo "1687"]
[PlyCount "97"]
[EventDate "2004.01.??"]
[Source "ChessOrg"]
[SourceDate "2005.04.24"]

1. Nf3 Nf6 2. c4 e6 3. g3 d5 4. b3 c5 5. Bg2 Nc6 6. O-O Be7 7. cxd5 exd5 8. d4
Ne4 9. Bb2 Bf6 10. Na3 O-O 11. Nc2 Be6 12. Qc1 Rc8 13. dxc5 Nxc5 14. Bxf6 Qxf6
15. Qe3 Ne4 16. Ncd4 Nxd4 17. Qxd4 Qxd4 18. Nxd4 Nc3 19. a4 a6 20. e3 Rfd8 21.
Rfc1 Ne4 22. Nxe6 fxe6 23. Bxe4 dxe4 24. Rxc8 Rxc8 25. Rd1 b5 26. Rd4 Rc6 27.
axb5 axb5 28. Rxe4 Kf7 29. Re5 Rb6 30. b4 Kf6 31. f4 h6 32. h4 g6 33. g4 Rb7
34. Kf2 Rb6 35. Kf3 Rb7 36. Ke4 Rb6 37. Kd4 Rb8 38. Kc5 Rb7 39. Kc6 Rb8 40. Kc7
Rg8 41. Kd7 Rg7+ 42. Kd6 Re7 43. g5+ hxg5 44. hxg5+ Kf7 45. Rxb5 Ra7 46. Rb6
Ra3 47. Rb7+ Kf8 48. Kxe6 Rxe3+ 49. Kf6 1-0

[Event "30.Alpenpokal Obersdorf op"]
[Site "Tiefenbach (08.01.-18.01)"]
[Date "2004.??.??"]
[Round "8.25"]
[White "Boehm, Karl[33Vahr]"]
[Black "Kycler, Jan"]
[Result "1/2-1/2"]
[WhiteElo "1595"]
[BlackElo "1762"]
[PlyCount "48"]
[EventDate "2004.01.??"]
[Source "ChessOrg"]
[SourceDate "2005.04.24"]

1. d4 Nf6 2. Nf3 g6 3. c4 d6 4. Nc3 Bg7 5. e4 O-O 6. Be2 Nbd7 7. O-O e5 8. dxe5
dxe5 9. Qc2 c6 10. b3 Qc7 11. Ba3 Re8 12. Rad1 Bf8 13. Bxf8 Nxf8 14. Rd3 Ne6
15. g3 Nc5 16. Rd2 a5 17. Kg2 Bg4 18. h3 Bxf3+ 19. Bxf3 Ne6 20. Ne2 Rad8 21.
Rfd1 Rxd2 22. Rxd2 Rd8 23. Qd1 Qb6 24. Rxd8+ Qxd8 1/2-1/2

[Event "30.Alpenpokal Obersdorf op"]
[Site "Tiefenbach (08.01.-18.01)"]
[Date "2004.??.??"]
[Round "8.26"]
[White "Borries, Barbara"]
[Black "Poehler, Margit"]
[Result "1/2-1/2"]
[WhiteElo "1703"]
[BlackElo "1765"]
[PlyCount "58"]
[EventDate "2004.01.??"]
[Source "ChessOrg"]
[SourceDate "2005.04.24"]

1. e4 d6 2. d4 g6 3. Nc3 Bg7 4. Be3 Nd7 5. Qd2 e5 6. Nf3 Ne7 7. Be2 c6 8. O-O
O-O 9. Bh6 f5 10. Bxg7 Kxg7 11. dxe5 dxe5 12. Rfd1 Qc7 13. exf5 Nxf5 14. Ne4 h6
15. Qc3 Re8 16. Bc4 Rb8 17. Bb3 b6 18. Rd2 c5 19. Qc4 Nf6 20. Nxf6 Kxf6 21.
Rad1 b5 22. Qc3 b4 23. Qc4 Be6 24. Qe4 c4 25. Ba4 Re7 26. Nh4 Nxh4 27. Qxh4+
Kg7 28. Qg3 Rf8 29. Rd6 Qc5 1/2-1/2

[Event "30.Alpenpokal Obersdorf op"]
[Site "Tiefenbach (08.01.-18.01)"]
[Date "2004.??.??"]
[Round "8.27"]
[White "Blosze, Winfried"]
[Black "Schenfeld, Waldemar"]
[Result "0-1"]
[WhiteElo "1730"]
[BlackElo "1538"]
[PlyCount "46"]
[EventDate "2004.01.??"]
[Source "ChessOrg"]
[SourceDate "2005.04.24"]

1. e4 e5 2. Nf3 Nf6 3. Nc3 d6 4. d4 exd4 5. Nxd4 a6 6. Bg5 Be7 7. Bd3 Nbd7 8.
f4 Nc5 9. Qd2 O-O 10. O-O-O Re8 11. h3 Nxd3+ 12. Qxd3 Nh5 13. Nf3 Bxg5 14. fxg5
Nf4 15. Qd2 Ne6 16. h4 Nc5 17. e5 Be6 18. exd6 cxd6 19. Qxd6 Qa5 20. Qf4 Bxa2
21. Nxa2 Qxa2 22. c3 Re2 23. Nd2 Nd3+ 0-1

[Event "30.Alpenpokal Obersdorf op"]
[Site "Tiefenbach (08.01.-18.01)"]
[Date "2004.??.??"]
[Round "8.28"]
[White "Wahl, Hedi"]
[Black "Marek, Herbert"]
[Result "0-1"]
[WhiteElo "1422"]
[BlackElo "1651"]
[PlyCount "102"]
[EventDate "2004.01.??"]
[Source "ChessOrg"]
[SourceDate "2005.04.24"]

1. e4 c5 2. c3 d6 3. d4 Nf6 4. Bd3 Nc6 5. Nf3 Bg4 6. Nbd2 a6 7. Be2 e6 8. O-O
b5 9. a3 Be7 10. Re1 O-O 11. e5 Nd5 12. Ne4 dxe5 13. Nxe5 Bxe2 14. Qxe2 Nxe5
15. dxe5 c4 16. Rd1 Qc7 17. Nd2 Nf4 18. Qe1 Nd3 19. Qe2 Nxe5 20. Nf3 Nd3 21.
Bd2 Rad8 22. Be3 Rd5 23. Rd2 Rfd8 24. Rad1 Bd6 25. g3 Be7 26. Ne1 Nxe1 27. Qxe1
Rd3 28. Qe2 Rxd2 29. Rxd2 Rxd2 30. Qxd2 Qd6 31. Qxd6 Bxd6 32. Kg2 Kf8 33. f4
Ke8 34. Kf3 Kd7 35. Bd4 f6 36. g4 Kc6 37. Ke4 a5 38. h3 Bc5 39. h4 Kd6 40.
Bxc5+ Kxc5 41. g5 Kc6 42. Kd4 Kd6 43. Ke4 f5+ 44. Kd4 g6 45. Ke3 Kd5 46. Kf3 e5
47. fxe5 Kxe5 48. Ke3 f4+ 49. Kf3 Kf5 50. Kf2 Kg4 51. Kg2 Kxh4 0-1

[Event "30.Alpenpokal Obersdorf op"]
[Site "Tiefenbach (08.01.-18.01)"]
[Date "2004.??.??"]
[Round "8.29"]
[White "Schulz, Hermann[35Ülzen]"]
[Black "Luebbers, Doris,Dr."]
[Result "1-0"]
[WhiteElo "1611"]
[BlackElo "1403"]
[PlyCount "46"]
[EventDate "2004.01.??"]
[Source "ChessOrg"]
[SourceDate "2005.04.24"]

1. e4 e5 2. Nf3 Nc6 3. Bb5 d6 4. h3 Bd7 5. O-O Nf6 6. Re1 Be7 7. c3 a6 8. Ba4
b5 9. Bc2 O-O 10. d4 exd4 11. cxd4 Re8 12. Nc3 Na5 13. e5 dxe5 14. dxe5 Nh5 15.
g4 g6 16. gxh5 Bxh3 17. hxg6 Qxd1 18. gxh7+ Kh8 19. Rxd1 Bg4 20. Be4 c6 21. Bf4
Bf8 22. Kh2 Rac8 23. Rg1 Be6 1-0

[Event "30.Alpenpokal Obersdorf op"]
[Site "Tiefenbach (08.01.-18.01)"]
[Date "2004.??.??"]
[Round "8.31"]
[White "Tauscher, Max"]
[Black "Kahler, Kurt"]
[Result "0-1"]
[WhiteElo "1604"]
[BlackElo "1712"]
[PlyCount "64"]
[EventDate "2004.01.??"]
[Source "ChessOrg"]
[SourceDate "2005.04.24"]

1. e4 c5 2. Nf3 Nc6 3. d4 cxd4 4. Nxd4 e5 5. Nf3 Bc5 6. Nc3 Nge7 7. a3 d6 8. h3
Be6 9. Bg5 h6 10. Bxe7 Nxe7 11. Bb5+ Bd7 12. O-O O-O 13. Qe2 Bc6 14. Rfd1 a6
15. Ba4 b5 16. Bb3 Kh8 17. Nxe5 Qe8 18. Nf3 f5 19. Nd5 Nxd5 20. Bxd5 fxe4 21.
Bxc6 Qxc6 22. Nd4 Bxd4 23. Rxd4 d5 24. Rad1 Rad8 25. c3 Rfe8 26. Qh5 e3 27.
fxe3 Rxe3 28. Rf1 (28. Rxd5 Rxd5 29. Qxd5 Re1+ 30. Kf2) 28... Qe6 29. Rf5 Re2
30. Rdxd5 Rxd5 31. Rxd5 Qe3+ 32. Kh2 Qf4+ 0-1

[Event "30.Alpenpokal Obersdorf op"]
[Site "Tiefenbach (08.01.-18.01)"]
[Date "2004.??.??"]
[Round "9.1"]
[White "Froehlich, Rainer[37Sonth]"]
[Black "Jolowicz, Matias,Dr."]
[Result "1/2-1/2"]
[WhiteElo "1980"]
[BlackElo "2133"]
[PlyCount "45"]
[EventDate "2004.01.??"]
[Source "ChessOrg"]
[SourceDate "2005.04.24"]

1. c4 Nf6 2. Nc3 e5 3. g3 Bb4 4. Bg2 O-O 5. Nf3 Nc6 6. O-O e4 7. Ng5 Bxc3 8.
bxc3 Re8 9. d3 exd3 10. exd3 h6 11. Ne4 d6 12. Rb1 Ne5 13. Nxf6+ Qxf6 14. Bf4
c6 15. Bxe5 dxe5 16. Re1 Rd8 17. Qe2 Bf5 18. Be4 b6 19. Rbd1 Re8 20. Qf3 Bxe4
21. Qxf6 gxf6 22. dxe4 Rad8 23. Kg2 1/2-1/2

[Event "30.Alpenpokal Obersdorf op"]
[Site "Tiefenbach (08.01.-18.01)"]
[Date "2004.??.??"]
[Round "9.2"]
[White "Kelbratowski, Konrad"]
[Black "Poffers, Adrian"]
[Result "0-1"]
[WhiteElo "1863"]
[BlackElo "2289"]
[PlyCount "34"]
[EventDate "2004.01.??"]
[Source "ChessOrg"]
[SourceDate "2005.04.24"]

1. d4 d6 2. c4 e5 3. dxe5 dxe5 4. Qxd8+ Kxd8 5. Nc3 Be6 6. e3 Nd7 7. Nf3 f6 8.
Be2 Nh6 9. Bd2 c6 10. h3 a5 11. a4 Nc5 12. O-O-O Kc7 13. Kb1 Nf7 14. Bc1 Bf5+
15. Ka2 Bc2 16. Rd2 Bb3+ 17. Ka3 Nd6 0-1

[Event "30.Alpenpokal Obersdorf op"]
[Site "Tiefenbach (08.01.-18.01)"]
[Date "2004.??.??"]
[Round "9.3"]
[White "Schulz, Wolfgang[32Hamb]"]
[Black "Woell, Josef"]
[Result "1-0"]
[WhiteElo "2111"]
[BlackElo "1878"]
[PlyCount "67"]
[EventDate "2004.01.??"]
[Source "ChessOrg"]
[SourceDate "2005.04.24"]

1. e4 c5 2. Nf3 Nc6 3. d4 cxd4 4. Nxd4 e6 5. Nb5 d6 6. Bf4 e5 7. Be3 a6 8. N5c3
Be6 9. Nd2 Nf6 10. Bc4 b5 11. Bb3 Na5 12. Nd5 Nxd5 13. Bxd5 Bxd5 14. exd5 Rc8
15. O-O Be7 16. Qg4 g6 17. a4 Nc4 18. axb5 axb5 19. Nxc4 Rxc4 20. Qe2 O-O 21.
b3 Rc3 22. Ra2 Bg5 23. Qd2 Rxe3 24. fxe3 Qb6 25. Rf3 f5 26. Kh1 e4 27. Rg3 f4
28. Rxg5 fxe3 29. Qe1 Qd4 30. h3 Qd2 31. Ra1 Qf2 32. Rg4 Re8 33. Rg3 Qxc2 34.
Rxe3 1-0

[Event "30.Alpenpokal Obersdorf op"]
[Site "Tiefenbach (08.01.-18.01)"]
[Date "2004.??.??"]
[Round "9.4"]
[White "Doehner, Hans-Juergen,Prof."]
[Black "Erhart, Uwe"]
[Result "1/2-1/2"]
[WhiteElo "1912"]
[BlackElo "1993"]
[PlyCount "40"]
[EventDate "2004.01.??"]
[Source "ChessOrg"]
[SourceDate "2005.04.24"]

1. e4 c5 2. Nc3 Nc6 3. Bc4 e6 4. f4 Nge7 5. Nf3 d5 6. Be2 g6 7. O-O Bg7 8. d3
O-O 9. Bd2 b6 10. Qe1 Nd4 11. Bd1 Nec6 12. Kh1 Nxf3 13. Rxf3 Nd4 14. Rf2 Bb7
15. Rb1 Qd7 16. a3 Rac8 17. Ne2 dxe4 18. dxe4 Qc6 19. Nc3 Rfd8 20. Be3 Nb5
1/2-1/2

[Event "30.Alpenpokal Obersdorf op"]
[Site "Tiefenbach (08.01.-18.01)"]
[Date "2004.??.??"]
[Round "9.5"]
[White "Gerhards, Walter"]
[Black "Wunderer, Eckart"]
[Result "0-1"]
[WhiteElo "1814"]
[BlackElo "1973"]
[PlyCount "108"]
[EventDate "2004.01.??"]
[Source "ChessOrg"]
[SourceDate "2005.04.24"]

1. e4 d6 2. d4 g6 3. Nf3 Bg7 4. Nc3 Nf6 5. Be3 Nbd7 6. Qd2 c6 7. Be2 a6 8. Bh6
O-O 9. a4 e5 10. Bxg7 Kxg7 11. Rd1 Qc7 12. d5 cxd5 13. exd5 Nc5 14. O-O Bd7 15.
Nh4 Nfe4 16. Nxe4 Nxe4 17. Qb4 f5 18. Nf3 a5 19. Qa3 Qxc2 20. Bb5 Bxb5 21. axb5
Qc5 22. Qa4 Rfc8 23. h4 h6 24. Nd2 Nxd2 25. Rxd2 Qc4 26. Qa3 Rc5 27. Rd3 b6 28.
h5 g5 29. Rfd1 Qxb5 30. Rb3 Qe2 31. Rdd3 b5 32. Rxb5 Rac8 33. Rb7+ Kg8 34. Rdb3
Qe1+ 35. Kh2 Qxf2 36. Rc3 Qf4+ 37. Rg3 Qc4 38. b4 axb4 39. Rxb4 Qxd5 40. Rd3
Qf7 41. Rb6 Qxh5+ 42. Rh3 Qg6 43. Qa6 Rd8 44. Rc6 Rxc6 45. Qxc6 Qe6 46. Ra3 Qd7
47. Qb6 Qe8 48. Qb7 Rd7 49. Qd5+ Qf7 50. Qc6 Kg7 51. Ra8 Rc7 52. Qxd6 Qh5+ 53.
Kg1 Rc1+ 54. Kf2 Qh4+ 0-1

[Event "30.Alpenpokal Obersdorf op"]
[Site "Tiefenbach (08.01.-18.01)"]
[Date "2004.??.??"]
[Round "9.7"]
[White "Zuri, Rahim"]
[Black "Boeven, Manfred"]
[Result "0-1"]
[WhiteElo "1787"]
[BlackElo "2020"]
[PlyCount "60"]
[EventDate "2004.01.??"]
[Source "ChessOrg"]
[SourceDate "2005.04.24"]

1. e4 c5 2. Bc4 e6 3. Nc3 Nc6 4. a3 Nf6 5. d3 Be7 6. Nf3 O-O 7. h3 d5 8. exd5
exd5 9. Ba2 h6 10. O-O Be6 11. Re1 Re8 12. Bf4 a6 13. Ne2 Bd6 14. Qd2 Nh5 15.
Bxh6 gxh6 16. Qxh6 Ng7 17. Ng5 Bf5 18. Bxd5 Bh2+ 19. Kxh2 Qxd5 20. g4 Bg6 21.
f4 Nd4 22. c4 Qd6 23. Ne4 Rxe4 24. dxe4 Nf3+ 25. Kg3 Nxe1 26. Rxe1 Qd2 27. Kf2
Re8 28. e5 Rxe5 29. Qh4 Qe3+ 30. Kf1 Qf3+ 0-1

[Event "30.Alpenpokal Obersdorf op"]
[Site "Tiefenbach (08.01.-18.01)"]
[Date "2004.??.??"]
[Round "9.8"]
[White "Pragua, Christoph"]
[Black "Siegmund, Rainer"]
[Result "1-0"]
[WhiteElo "2059"]
[BlackElo "1960"]
[PlyCount "107"]
[EventDate "2004.01.??"]
[Source "ChessOrg"]
[SourceDate "2005.04.24"]

1. d4 Nf6 2. c4 e6 3. Nc3 Bb4 4. g3 O-O 5. Bg2 d5 6. Nf3 dxc4 7. O-O Nd5 8. Qc2
Be7 9. Ne5 Nb6 10. Rd1 f6 11. Be4 f5 12. Bg2 Bf6 13. b3 Bxe5 14. dxe5 Qe7 15.
Nb5 c5 16. bxc4 Nc6 17. Bxc6 bxc6 18. Nd6 Rd8 19. Be3 Ba6 20. a4 Rab8 21. Qc3
h6 22. Rdc1 Nd7 23. f4 Rb6 24. a5 Rbb8 25. Qa3 Kh7 26. Bxc5 Nxc5 27. Qxc5 Qc7
28. Rab1 Qd7 29. Kf2 Kg8 30. Rd1 Rxb1 31. Rxb1 Kh7 32. h4 g6 33. Rb3 Rg8 34. e4
Qc7 35. Rb4 h5 36. Rb2 Kh6 37. Ke3 Kh7 38. Kd2 Kh6 39. Kc2 Kh7 40. Rb4 Kh6 41.
Kb3 Qd7 42. Ka3 Qc7 43. Ka4 Qd7 44. Rb2 Kh7 45. Ka3 Kh6 46. Rd2 Qc7 47. Rd3 Rb8
48. exf5 gxf5 49. Nxf5+ exf5 50. Rd6+ Kg7 51. e6 Bc8 52. Qe5+ Kg8 53. e7 Bd7
54. Rg6+ 1-0

[Event "30.Alpenpokal Obersdorf op"]
[Site "Tiefenbach (08.01.-18.01)"]
[Date "2004.??.??"]
[Round "9.9"]
[White "Emde, Rainer"]
[Black "Meyer, Gerd[61Huckarde]"]
[Result "1-0"]
[WhiteElo "1995"]
[BlackElo "1982"]
[PlyCount "63"]
[EventDate "2004.01.??"]
[Source "ChessOrg"]
[SourceDate "2005.04.24"]

1. d4 d5 2. Nf3 Nf6 3. e3 e6 4. c4 c5 5. Nc3 Nc6 6. a3 cxd4 7. exd4 dxc4 8.
Bxc4 Be7 9. O-O O-O 10. Re1 a6 11. Bg5 b5 12. Ba2 b4 13. axb4 Nxb4 14. Bb1 Bb7
15. Ne5 Nbd5 16. Qd3 g6 17. Bh6 Re8 18. Qg3 Qb6 19. Bxg6 fxg6 20. Nxg6 Nh5 21.
Nxe7+ Kf7 22. Nexd5 Qxd4 23. Qc7+ Kg6 24. Be3 Qg4 25. Qxb7 exd5 26. Rxa6+ Rxa6
27. Qxa6+ Kg7 28. Qb7+ Kg6 29. Qxd5 Nf4 30. Qf3 Qf5 31. h3 Nxh3+ 32. Qxh3 1-0

[Event "30.Alpenpokal Obersdorf op"]
[Site "Tiefenbach (08.01.-18.01)"]
[Date "2004.??.??"]
[Round "9.10"]
[White "Aigner, Georg"]
[Black "Fehres, Werner"]
[Result "1-0"]
[WhiteElo "1816"]
[BlackElo "1791"]
[PlyCount "23"]
[EventDate "2004.01.??"]
[Source "ChessOrg"]
[SourceDate "2005.04.24"]

1. e4 e5 2. Nf3 d6 3. d4 Nd7 4. dxe5 dxe5 5. Bc4 Qe7 6. O-O h6 7. Nc3 c6 8. Be3
g5 9. Qd2 g4 10. Ne1 Nb6 11. Bb3 Be6 12. f4 {und im 47.Zug} 1-0

[Event "30.Alpenpokal Obersdorf op"]
[Site "Tiefenbach (08.01.-18.01)"]
[Date "2004.??.??"]
[Round "9.11"]
[White "Koops, Randolf"]
[Black "Wempe, Juergen"]
[Result "0-1"]
[WhiteElo "2050"]
[BlackElo "2113"]
[PlyCount "62"]
[EventDate "2004.01.??"]
[Source "ChessOrg"]
[SourceDate "2005.04.24"]

1. d4 f5 2. e4 fxe4 3. Nc3 g6 4. h4 d5 5. h5 Bg7 6. hxg6 hxg6 7. Rxh8 Bxh8 8.
Nh3 Bxh3 9. gxh3 Nc6 10. Bb5 Qd7 11. Bf4 O-O-O 12. Qd2 Qxh3 13. Bxc6 Qh1+ 14.
Ke2 Qf3+ 15. Ke1 bxc6 16. Na4 Bxd4 17. Qxd4 Qxf4 18. Nc5 Rf8 19. Rd1 e5 20. Qe3
Ne7 21. Qe2 Qf5 22. Rd2 Rh8 23. Qa6+ Kd8 24. Re2 Rh1+ 25. Kd2 d4 26. Rxe4 Qxf2+
27. Re2 Qf4+ 28. Kd3 Rd1+ 29. Kc4 d3+ 30. Re4 Qxe4+ 31. Nxe4 dxc2 0-1

[Event "30.Alpenpokal Obersdorf op"]
[Site "Tiefenbach (08.01.-18.01)"]
[Date "2004.??.??"]
[Round "9.13"]
[White "Josting, Friedel"]
[Black "Zuri, Amin-Barin,Dr."]
[Result "1/2-1/2"]
[WhiteElo "1845"]
[BlackElo "1919"]
[PlyCount "56"]
[EventDate "2004.01.??"]
[Source "ChessOrg"]
[SourceDate "2005.04.24"]

1. c4 c6 2. d4 d5 3. e3 Nf6 4. Nc3 Bf5 5. Nf3 h6 6. cxd5 cxd5 7. Bb5+ Bd7 8.
Bd3 Nc6 9. Bd2 e6 10. Rc1 Bd6 11. e4 dxe4 12. Nxe4 Nxe4 13. Bxe4 O-O 14. O-O f5
15. Bd3 Qb6 16. Bc3 Rac8 17. Qe2 Bf4 18. Rcd1 Ne7 19. Bc4 Rfe8 20. Rfe1 Nd5 21.
Ne5 Bxe5 22. Bxd5 Bxh2+ 23. Kxh2 exd5 24. Qh5 Qd6+ 25. Kg1 Re4 26. f3 Ree8 27.
a3 Qg3 28. Qh2 Qg6 1/2-1/2